000
002660000a22000970004500
100
1
_a
Sánchez Cetina, Edesio
245
1
0
_a
íSeñor si huebeses estado aquí!
300
_a
Vol. 56, Núm 255 (2001), Páginas 14-19
773
0
_t
La Biblia de las Américas
942
_c
ANA
999
_c
51667
_d
51667